00535nam a2200193 a 450000100060000000300090000600800410001502000150005604000280007108200160009910000180011524500480013326000500018130000110023165000260024265000260026865000220029465000250031618152CO-ViMGA141112s2004 ck r 000 u spa d a9505116020 aCO-ViMGAbspacCO-ViMGA04a808.83 C4711 aMontero, Rosa10aLa cita y otros cuentos de mujeres infieles aBuenos Aires (Argentina), cAlfaguara, c2001 a285.p.14aCUENTOS - COLECCIONES14aINFIDELIDAD - CUENTOS14aMUJERES - CUENTOS14aRELACIONES DE PAREJA